000 00378nam a2200157Ia 4500
005 20250425061132.0
008 240331s9999 xx 000 0 und d
020 _a9559318020
082 _bKAM
_a891
100 _aKamala,P
245 0 _aPilikuththuwe kamala gethuu katha
260 _aColombo
_bGantha Hunda
300 _a iv, 140 p .,
650 _aShort Stories
942 _cL
999 _c4823
_d4823